Movies by Letter - A - Statistics

General Stats
  • This quiz has been taken 92 times
  • The average score is 8 of 17
Answer Stats
Hint Answer % Correct
Famed Director of The Birds, Vertigo, and more Alfred Hitchcock
85%
Sci-fi horror from Ridley Scott Alien
85%
Where Christian Bale stars as Patrick Bateman American Psycho
81%
Highest grossing movie as of 2024 Avatar
80%
Franchise whose entry comes just below that Avengers
70%
Deceased actor most known for having played Severus Snape Alan Rickman
66%
Spider-man actor who shares a last name with a president Andrew Garfield
64%
Jim Carrey’s “Pet Detective” Ace Ventura
59%
Actor most known for Star Wars and Marriage Story Adam Driver
48%
What “Dutch,” “High,” or “Low” could mean when using a camera Angle
46%
Alien movie starring Amy Adams and Jeremy Renner Arrival
40%
Production company of the movies above A24
31%
Actor whose last name sounds like where a clown might perform Andy Serkis
21%
Writer and director of Hereditary and Midsommar Ari Aster
16%
The dimensions in which a movie is displayed Aspect Ratio
16%
Javier Bardem’s character in No Country For Old Men Anton Chigurh
13%
Psychological horror adapted from a book by Jeff Vandermeer Annihilation
5%
No matching quizzes found
Score Distribution
Percent of People with Each Score
Percentile by Number Answered
Your Score History
You have not taken this quiz